Spotrebiteľ a ochrana jeho práv
Ochrana spotrebiteľa ako organická súčasť spotrebiteľskej politiky. Ochrana práv spotrebiteľa v legislatíve Slovenskej republiky. Výklad zákona o ochrane spotrebiteľa.
Na minha lista:
| Autor principal: | |
|---|---|
| Formato: | Capítulo de Livro |
| Idioma: | eslovaco |
| Assuntos: | |
| Tags: |
Sem tags, seja o primeiro a adicionar uma tag!
|
MARC
| LEADER | 00000naa$a2200000$$$4500 | ||
|---|---|---|---|
| 001 | 0088171 | ||
| 005 | 20231114115804.1 | ||
| 041 | 0 | |a slo | |
| 044 | |a SK | ||
| 245 | 1 | 0 | |a Spotrebiteľ a ochrana jeho práv |c Katarína Vančová |
| 520 | |a Ochrana spotrebiteľa ako organická súčasť spotrebiteľskej politiky. Ochrana práv spotrebiteľa v legislatíve Slovenskej republiky. Výklad zákona o ochrane spotrebiteľa. | ||
| 610 | 2 | 0 | |a ochrana spotrebiteľa |
| 610 | 2 | 0 | |a politika spotrebiteľská |
| 610 | 2 | 0 | |a Slovensko |
| 610 | 2 | 0 | |a legislatíva |
| 100 | 1 | |a Vančová, Katarína | |